000 00882nas a2200289 4500
001 BR0104596
003 BR-BrBNA
005 20231205102604.0
007 ta
008 230509b bl.|||p| |||| 00| 00por d
040 _aBR-BrBNA
_bpor
_cBiblioteca Nacional de Agricultura
041 _a(Pt)
072 _aQ70
100 1 _aCoelho, M.A.Z.
100 1 _aLeite, S.G.F.
100 1 _aRosa, M. de F.
100 1 _aFurtado, A.A.L.
245 1 _aAproveitamento de residuos agroindustriais: producao de enzimas a partir da casca de coco verde
650 _aCoco
650 _aCasca
650 _aResiduo Industrial
650 _aEnzima
650 _aFungo
773 0 _tBoletim do Centro de Pesquisa e Processamento de Alimentos (Brazil)
_xISSN 0102-0323
_g(Jan-Jun 2001), v. 19(1) p. 33-42
_wBR0104596
909 _a202311
_bLúcia
_c55
_dLúcia Elande
942 _2AGRIS
_n0
_cANA
999 _c168311
_d168311